Open environment (Record no. 76197)

MARC details
000 -LEADER
fixed length control field 00887cab a2200181 4500
001 - CONTROL NUMBER
control field ##L131616
008 - FIXED-LENGTH DATA ELEMENTS--GENERAL INFORMATION
fixed length control field 051121n2005 000 0 eng u
035 ## - SYSTEM CONTROL NUMBER
System control number (Sirsi) u131616
041 0# - LANGUAGE CODE
Language code of text/sound track or separate title eng
100 1# - MAIN ENTRY--PERSONAL NAME
Personal name Grekos, Martha
245 00 - TITLE STATEMENT
Title Open environment
260 ## - PUBLICATION, DISTRIBUTION, ETC.
Date of publication, distribution, etc. 2005
490 #0 - SERIES STATEMENT
Series statement Solicitors' Journal
Volume/sequential designation 149(41) 21 October 2005,1262-1264(3)
520 ## - SUMMARY, ETC.
Summary, etc. Provides an overview of the Environmental Information Regulations 2004, which govern the public right to access environmental information held by public authorities. Discusses the types of public authorities covered by the legislation, the types of information the public can request and outlines the way in which these requests should be dealt with.
650 24 - SUBJECT ADDED ENTRY--TOPICAL TERM
Topical term or geographic name entry element ENVIRONMENTAL INFORMATION REGULATIONS 2004
690 ## - LOCAL SUBJECT ADDED ENTRY--TOPICAL TERM (OCLC, RLIN)
Topical term or geographic name as entry element ENVIRONMENTAL AND LAND CONSULTANCY-ENVIRONMENTAL MANAGEMENT-ENVIRONMENTAL ASSESSMENT
942 ## - ADDED ENTRY ELEMENTS (KOHA)
Suppress in OPAC 0
Holdings
Withdrawn status Lost status Source of classification or shelving scheme Damaged status Not for loan Home library Current library Shelving location Date acquired Total Checkouts Barcode Date last seen Copy number Price effective from Koha item type
    Dewey Decimal Classification     London London Journal article 21/11/2005   L131616 06/08/2019 1 06/08/2019 Journal article